000 01385nam a2200337 i 4500
001 768714001
003 CO-MdFUSB
005 20241019122425.0
007 ta
008 180313t1994 -us||||| |||| 00| 0 eng d
020 _a0-8308-1692-5
040 _aCO-MdFUSB
_bspa
_cCO-MdFUSB
_dCO-MdFUSBC
_erda
041 0 _aeng
082 0 4 _a227.10720
_223
_bS8885r
100 1 _aStott, John R. W.
_eautor
245 1 0 _aRomans
_b : God's Good News for the World
_c / John Stott
264 1 _aDowners Grove, ILL., USA :
_b InterVarsity,
_c[1994]
264 4 _c©1994
300 _a432 páginas
_c; 24 cm
336 _2rdacontent
_atexto
_btxt
337 _2rdamedia
_asin mediación
_bn
338 _2rdacarrier
_avolumen
_bnc
505 _aEnsayo preliminar. -- Introducción: el evangelio de Dios y el afán de Pablo por compartirlo (1:1-17). -- La ira de Dios contra toda la humanidad (1:18-3:20). -- La gracia de Dios en el evangelio (3:21-8:39). -- El plan de Dios para judíos y gentiles (9-11). -- La voluntad de Dios para unas relaciones cambiadas (12:1-15:13). -- Conclusión: la providencia de Dios en el ministerio de Pablo (15:14-16:27).
563 _aPasta dura
650 7 _aFamilia y enseñanza
_9224
653 _aBiblia N.T. - Romanos - Comentarios
653 _aBiblia N.T. - Romanos - Enseñanza
942 _cBK
945 _aJTF-925
999 _c33876
_d33876